Thermal Science and Engineering (Record no. 188834)

MARC details
000 -LEADER
fixed length control field 00463nam a2200181Ia 4500
008 - FIXED-LENGTH DATA ELEMENTS--GENERAL INFORMATION
fixed length control field 240823s9999||||xx |||||||||||||| ||und||
082 ## - DEWEY DECIMAL CLASSIFICATION NUMBER
-- 621.402 P9
100 ## - MAIN ENTRY--PERSONAL NAME
Personal name Rajput R K
245 #0 - TITLE STATEMENT
Title Thermal Science and Engineering
250 ## - EDITION STATEMENT
Edition statement 1
260 ## - PUBLICATION, DISTRIBUTION, ETC. (IMPRINT)
Date of publication, distribution, etc 2009
Name of publisher, distributor, etc Laxmi Publication (P
Place of publication, distribution, etc New Delhi
500 ## - GENERAL NOTE
General note TRANSFERED
650 ## - SUBJECT ADDED ENTRY--TOPICAL TERM
Topical term or geographic name as entry element Thermal Science and Engineering
942 ## - ADDED ENTRY ELEMENTS (KOHA)
Item type Books
Holdings
Withdrawn status Lost status Damaged status Permanent location Current location Shelving location Date acquired Source of acquisition Cost, normal purchase price Full call number Barcode Date last seen Koha item type
      CENTRAL LIBRARY, NOORUL ISLAM CENTRE FOR HIGHER EDUCATION CENTRAL LIBRARY, NOORUL ISLAM CENTRE FOR HIGHER EDUCATION   12/21/2011 Higginbothams Private Ltd 250.00 621.402 P9 41214 08/23/2024 Books
Visitors:
Copyright © 2024 Central Library NICHE.  All rights reserved.